000 00512cam a22001934a 4500
005 20250605164302.0
008 250528s ||||||||||||||||||||||||d
035 _a22118
020 _a9781853963018
040 _aGR-AtMCL
_bgre
_dGR-AtMCL
_eAACR2
245 1 _aBEYOND SPECIAL NEEDS: ENCHANCING CHILDREN'S LEARNING THROUGH INNOVATIVE THINKING
250 _a1
260 _bSage Publications,
_c1996
300 _a138
700 1 _aHart Susan
_97997
942 _cBK
999 _c7174
_d7174